King's ransom
| Main Author: | |
|---|---|
| Other Authors: | |
| Format: | Book |
| Language: | English |
| Published: |
Oxford
Oxford University Press
2001
|
| Series: | Oxford bookworms library
|
| Subjects: |
| LEADER | 00570cam a2200193 a 4500 | ||
|---|---|---|---|
| 001 | 0000132064 | ||
| 005 | 20120518090000.0 | ||
| 040 | |a mod | ||
| 041 | |a eng | ||
| 020 | |a 0194230716 | ||
| 090 | 0 | 0 | |a F |b MCB |e 2001 |
| 100 | 1 | |a McBain, Ed | |
| 245 | 1 | 0 | |a King's ransom |c Ed McBain |f retold from the original novel by Rosalie Kerr |
| 260 | |a Oxford |b Oxford University Press |c 2001 | ||
| 300 | |a 104 p. |b ill. |c 20 cm | ||
| 490 | 0 | |a Oxford bookworms library | |
| 650 | 0 | 0 | |a English fiction |
| 700 | 1 | |a Kerr, Rosalie | |
| 999 | |a B000017784 |b IJED |d BOOKS |e Fiksyen (F) |f 4 DIV |j AVAILABLE |q GOOD CONDITION | ||